| 000 | 004320000a22001690004500 | ||
|---|---|---|---|
| 003 | MACL | ||
| 005 | 20160102154655.0 | ||
| 008 | 160102b xxu||||| |||| 00| 0 eng d | ||
| 040 |
_aMACL _cMACL |
||
| 041 | _aEnglish | ||
| 082 | _a741.642/oxf | ||
| 100 |
_aOxford University Press _927302 |
||
| 245 | _aDonkey Boy | ||
| 260 |
_bOxford University Press _c1973 _aBritain |
||
| 650 |
_aChildrens Book _97875 |
||
| 942 |
_cBK _k741.642 _2ddc |
||
| 999 |
_c34042 _d34042 |
||